000 00624nam a22002057a 4500
003 DO-SdBNP
005 20180212115450.0
008 151203b 1998 dr xxu||||| |||| 00| 0 spa d
040 _aBPMSU
_bspa
_cBPMSU
092 _axxxx
_bxxxx
100 1 _aTejera Díaz, Juan Víctor
245 1 0 _aLeylin /
_cJuan Víctor Tejera Díaz.
260 _aSanto Domingo :
_bCorripio,
_c1998.
300 _a108 p. ;
_c23 cm.
500 _aIncluye datos del autor en la solapa de la contracubierta.
910 _a00260
942 _2ddc
_cBK
945 _aTïtulo remanejado para la BNPHU / 2018 VM
956 _aLorenza Pérez
_b10
999 _c8996
_d8996